[Event "Moscow Aeroflot op-A"]
[Site "Moscow"]
[Date "2006.02.13"]
[Round "6"]
[White "Kosteniuk, Alexandra"]
[Black "Bu, Xiangzhi"]
[Result "1/2-1/2"]
[WhiteElo "2514"]
[BlackElo "2645"]
[Annotator "Rogozenco,D"]
[PlyCount "61"]
[EventDate "2006.02.08"]
[EventType "swiss"]
[EventRounds "9"]
[EventCountry "RUS"]
[SourceTitle "CBM 112"]
[Source "ChessBase"]
[SourceDate "2006.06.07"]
[SourceVersion "1"]
[SourceVersionDate "2006.06.07"]
[SourceQuality "1"]

1. e4 c5 2. c3 d5 3. exd5 Qxd5 4. d4 Nf6 5. Nf3 Bg4 6. dxc5 Qxc5 (6... Bxf3 $6
7. Qxf3 Qxf3 8. gxf3 e5 9. b4 $16) ({White has slightly better prospects in
the complicated endgame after} 6... Qxd1+ 7. Kxd1) 7. Na3 ({Kosteniuk has good
experience in this line, since she played it with Black too, even in blitz
games:} 7. h3 Bh5 (7... Bf5 $5) 8. Na3 a6 9. g4 Bg6 10. Bg2 e6 11. Qe2 Qc8 ({
Correct is} 11... Qd5 $1 {[%cal Gg6d3] and Black is better.}) 12. Nc4 Nfd7 13.
h4 h5 14. Nfe5 Bh7 15. g5 Bf5 16. Bf4 Be7 17. O-O O-O 18. Qxh5 Nxe5 19. Nxe5
Nc6 20. Nxc6 bxc6 $16 {Barsky-Kosteniuk, Moscow (blitz) 2001}) 7... a6 {
Rather a necessity here. Black runs big risk without covering square b5. For
instance:} (7... Nbd7 8. Be3 Qc8 (8... Qc7 9. h3 Bh5 10. Nb5 Qb8 11. g4 Bg6 12.
g5 Ne4 13. Nh4 $1 a6 14. Nxg6 hxg6 15. Qd5 Rh4 16. O-O-O $18 {Vlassov-Avrukh,
Moscow 2002}) 9. h3 Bh5 ({Perhaps Black must make less natural moves, such as} 
9... Be6 {Then} 10. Be2 (10. Bd4 $5 g6 $140 11. Ng5 Bd5 12. Bb5 $36 Bxg2 (12...
Bg7 $4 13. Bxf6 $18) (12... Bc6 13. Qb3 $16) 13. Qb3 $5 (13. Bxf6 exf6 14. Qe2+
Be7 15. O-O-O Bc6 16. Nf3 $44) 13... Bd5 14. Bc4 e6 (14... Bxc4 $2 15. Nxc4 e6
16. Bxf6 Nxf6 17. Ne5 $18) 15. Bxd5 exd5 16. O-O-O $44) 10... g6 11. O-O Bg7
12. c4 (12. Nd4 Bd5 13. c4 Be4 14. Nab5 b6 15. Nc3 Bb7 16. Rc1 O-O 17. Nd5 Qd8
18. Bf3 $14 {0-1 Tzermiadianos,A (2453)-Gouliev,N (2526)/Warsaw 2005 (116)}) (
12. Nb5 $5 a6 (12... Nd5 $2 13. Bxa7) (12... Nc5 $5 13. Ng5 Bd7 $1 $13 (13...
Bd5 $2 14. c4 Be4 15. Qd4 $18)) 13. Nbd4 Bd5 14. c4 Be4 15. Ng5 $14) 12... O-O
13. Nd4 Nc5 14. Nxe6 Nxe6 15. Qc2 Nd7 16. Rad1 Ne5 17. Qc1 Nc6 18. Nc2 Qc7 19.
Rd5 a5 20. Rfd1 Rad8 21. Bf1 h5 22. b3 $14 {1/2-1/2 Tiviakov,S (2617)
-Sasikiran,K (2668)/Mallorca 2004 (28)}) 10. g4 Bg6 11. g5 Ne4 12. Bb5 a6 13.
Qxd7+ Qxd7 14. Bxd7+ Kxd7 15. Nc4 $16 {[%csl Rb6,Rd7] Ivanov V.-Klimov, Russia
2000}) 8. Be3 Qc7 (8... Qc8 9. h3 Be6 {Other moves are worse:} (9... Bh5 10. g4
Bg6 11. Bg2 Nbd7 {After 11...e6 12.Ne5 White has a strong initiative.} 12. g5
Ne4 13. Nh4 $16 {1-0 Erenburg,S (2475)-Livshits,G (2380)/Alushta 2002 (37)}) (
9... Bxf3 10. Qxf3 Nbd7 11. Nc4 $14 {/+/-, 1-0 Goloshchapov,A (2569)-Gupta,A 
(2413)/Dubai 2004 (31)}) 10. Be2 Bd5 11. O-O e6 12. c4 Bc6 13. Nb1 Be7 14. Nc3
O-O 15. Rc1 Rd8 16. Qb3 Nbd7 17. Nd4 Bc5 18. Nxc6 bxc6 19. Bg5 Qc7 $14 {
1/2-1/2 Shaked,T-Lerner,K/Berlin 1997 (80)}) 9. h3 (9. Qa4+ Nbd7 (9... Bd7 10.
Nb5 $1 $36) (9... Nc6 10. O-O-O $36) 10. O-O-O e5 $1 $13 (10... e6 $2 11. Rxd7
$1 {[%csl Rg4]} Qxd7 12. Bb5 $18)) 9... Bh5 ({An important alternative is} 9...
Bf5 $5 {when} 10. g4 {is less attractive in view of} Be4) (9... Bxf3 10. Qxf3
$14) 10. g4 ({Another way to fight for advantage is the more aggressive} 10.
Qa4+ Nbd7 (10... Nc6 11. g4 Bg6 12. O-O-O e6 13. Bg2 $14) 11. Bf4 $1 (11. O-O-O
e6 {is unclear} ({or} 11... Bxf3 12. gxf3 Rc8)) 11... Qc8 12. g4 (12. Ne5 e6
13. g4 b5 $1 14. Qd4 Bc5 $132) 12... Bg6 (12... b5 $5 13. Qd4 Bg6 $13) 13. Ne5
e6 14. Bg2 $14) 10... Bg6 11. Bg2 Nbd7 $5 {This is better than 11...e6.} (11...
e6 12. Qa4+ Nbd7 (12... Qc6 13. Qb3 $14) (12... Qd7 13. Qb3 $14) (12... Nc6 13.
O-O-O $14) 13. Bf4 Qc8 14. Ne5 $36 {Sveshnikov,E (2551)-Gashimov,V (2579)/
Dubai 2003 (88)}) ({Also deserves attention} 11... Be4) 12. g5 Ne4 13. Nh4 Nd6
14. Nxg6 hxg6 {White has two strong bishops, while Black a more compact pawn
structure with no weaknesses. The chances are balanced.} 15. Nc2 O-O-O (15...
Nc4 16. Qd5 $5 Nxb2 17. O-O $44) 16. Qe2 Nf5 17. O-O-O e6 18. Kb1 Be7 19. Nb4
$5 {Creating the threat 20.Nxa6.} (19. Bc1 Nc5 $11) 19... Nxe3 (19... Bxb4 $2
20. cxb4 Kb8 21. Rc1 Qe5 22. Qf3 $18) 20. Qxe3 (20. Nxa6 $2 Qb6 $19) 20... Nb6
(20... Bxb4 $6 {This move not only opens the c-file, but also takes away
square c5 from black pieces.} 21. cxb4 Kb8 22. Qe4 $16) 21. Nd3 Nd5 22. Qe5
Qxe5 23. Nxe5 Nf4 $1 {Black defends very accurately the entire game.} (23...
Rhf8 24. Bxd5 Rxd5 (24... exd5 25. f4 $16) 25. Rxd5 exd5 26. f4 $14) 24. Rxd8+
(24. Be4 Rhf8 (24... Rxd1+ $6 25. Rxd1 Rxh3 $2 26. Rd7 $18) 25. h4 Bd6 26. Nd3
$11) 24... Rxd8 (24... Bxd8 $2 25. Nxf7 Rf8 26. Nxd8 $16) 25. Be4 (25. Nxf7 $2
Rf8 $19) 25... Rd2 (25... Rf8 26. Rd1 {[%cal Gd1d7]} Bd8 $1 27. Rd7 Bc7 28.
Rxf7 Rxf7 29. Nxf7 Nxh3 30. Bxg6 Nxf2 $11) 26. Nxf7 Rxf2 27. h4 $11 Re2 28. Bf3
Rf2 29. Be4 Re2 30. Bf3 Rf2 31. Be4 1/2-1/2

[Event "Moscow Aeroflot op-A"]
[Site "Moscow"]
[Date "2006.02.15"]
[Round "8"]
[White "Kosteniuk, Alexandra"]
[Black "Kempinski, Robert"]
[Result "1-0"]
[WhiteElo "2514"]
[BlackElo "2619"]
[Annotator "Babula,V"]
[PlyCount "71"]
[EventDate "2006.02.08"]
[EventType "swiss"]
[EventRounds "9"]
[EventCountry "RUS"]
[SourceTitle "CBM 112"]
[Source "ChessBase"]
[SourceDate "2006.06.07"]
[SourceVersion "1"]
[SourceVersionDate "2006.06.07"]
[SourceQuality "1"]

1. e4 (1. d4 d5 2. c4 dxc4 3. Nf3 Nf6 4. e3 e6 5. Bxc4 c5 6. O-O a6 7. Bd3 cxd4
8. exd4 Be7 9. Nc3 O-O 10. Ne5 Bd7 11. Be3 Nc6 12. a3 Rc8 13. Rc1) 1... c5 2.
Nf3 a6 $6 {An interesting, but to be honest, a dubious move. The move a7-a6 is
mostly useful in the Sicilian, but anyway it is a loss of time at the moment.}
3. c3 $5 {This White's reaction is principled. He strives to exploit the
drawback of Black's last move and transpose the game into the 2.c3 line, where
the move a7-a6 isn't very useful for Black.} ({Other attempt to exploit the
downside of Black's last move is} 3. c4 $5) ({Of course, White can continue
the common way} 3. d4) 3... d5 {This continuation, together with} (3... Nf6 {
is considered advantageous for White} 4. e5 Nd5 5. d4 $14) ({But interesting is
} 3... e6 $5 {with intention to transpose the game into the French} 4. d4 d5)
4. exd5 Qxd5 5. d4 e6 ({Usually only the transposition of moves is} 5... Nf6 6.
Be2 e6 {, as the other moves are weaker:} (6... cxd4 $6 7. cxd4 e6 8. Nc3 Qd6
9. Ne5 $5 {[%cal Ye2f3]} Nc6 10. Nxc6 bxc6 (10... Qxc6 11. O-O Bb4 12. Bf3 Qd7
13. Bg5 O-O 14. Qb3 Bxc3 15. bxc3 $16 {1-0 Skripchenko,A (2489)-Onischuk,A 
(2224)/Germany 2004/EXT 2005 (61)}) 11. Bf3 Be7 12. Bf4 Qd7 13. O-O Nd5 14. Be5
$16 {1-0 Topalov,V (2707)-Kurajica,B (2567)/Sarajevo 2001/CBM 084 (40)}) (6...
g6 7. O-O Bg7 8. Ne5 $5 {[%cal Ye2f3]} O-O (8... cxd4 9. cxd4 O-O 10. Nc3 Qa5
11. Bf3 Nbd7 12. Re1 $16 {1/2 Karjakin,S (2527)-Kurajica,B (2548)/Benidorm
2002/CBM 093 (49)}) 9. Bf3 Qd8 10. dxc5 Qc7 11. Bf4 Nh5 12. Bxh5 Bxe5 13. Bxe5
Qxe5 14. Bf3 Qxc5 15. Nd2 $14 {1/2 Illescas Cordoba,M (2626)-Kurajica,B (2541)/
Mallorca 2004/CBM 104 (55)})) ({Other Black's option is} 5... Bg4 6. Be2 e6 7.
O-O Nf6) 6. Be2 ({The idea of} 6. Be3 {is to force the exchange on d4, then to
play Nb1-c3 and to develop light squared bishop to the more active position on
d3, for example} cxd4 7. cxd4 Nf6 8. Nc3 Qa5 9. Bd3 Nc6 10. a3 Be7 11. O-O O-O
12. Qc2 Bd7 13. b4 $14 {1-0 Karpov,A (2540)-Franklin,M (2345)/Hastings 1971/
MCD (37)}) 6... Nf6 7. O-O Nc6 {Black increases his pressure against the d4
pawn.} ({After} 7... Be7 {is interesting} 8. Ne5 $5 {[%cal Ye2f3]} ({possible
is also common} 8. Be3) 8... O-O 9. Bf3 Qd8 10. Qe2 cxd4 11. Rd1 Nbd7 12. Rxd4
$14 {1-0 Minasian,A (2510)-Nazarov,A (2210)/Azov 1991/CBM 025 (29)}) ({and
after} 7... cxd4 8. Nxd4 $5 (8. cxd4) 8... Be7 9. Nd2 {[%cal Yd2c4]} O-O 10.
Nc4 Qd8 11. Bf4 Nd5 12. Bg3 b5 13. Ne5 Bb7 14. Bf3 $16 {1-0 Gipslis,A-Taimanov,
M/Tbilisi 1966/URS-ch (67)}) 8. Be3 {This move is the most frequent, White
forces the exchange on d4.} ({But deserves attention also} 8. c4 $5 Qd8 9. Be3
cxd4 10. Nxd4 Nxd4 11. Bxd4 Bd7 12. Bf3 Qc7 13. Qe2 Bd6 14. g3 O-O 15. c5 $1
$14 {1-0 Dolmatov,S (2535)-Ivanov,A (2425)/Tashkent 1980/MCL (42)}) 8... cxd4
9. cxd4 ({An equivalent alternative to the text is} 9. Nxd4 {, for example}
Nxd4 (9... Bd7 10. Bf3 Qd6 11. Nd2 Qc7 12. Nc4 $14 {1-0 Grischuk,A (2606)-Lima,
D (2525)/New Delhi/Teheran 2000/CBM 080 (49)}) 10. Bxd4 Bc5 (10... Be7 11. Bf3
Qd8 12. Nd2 $14) 11. Bf3 Qd6 $14) 9... Be7 10. Nc3 Qd8 {Black retreats his
queen to its initial position as after} (10... Qd6 {White continues} 11. Nd2 {
and will gain a tempo by attacking it, for example} Nb4 (11... O-O 12. Nc4 Qd8
13. Bf3 $14 {1-0 Sax,G (2600)-Fernandes,A (2440)/Debrecen 1992/EU-chT (30)})
12. Nde4 (12. Nc4 Qd8 13. Bf3 Nbd5 14. Bg5 O-O 15. Qb3 $14 {1-0 Gufeld,
E-Taimanov,M/Leningrad 1963/URS-ch (68)}) 12... Nxe4 13. Nxe4 Qd8 14. Nc3 O-O
15. Bf3 $14 {1/2 Ciric,D-Taimanov,M/Rostov 1961/MCD}) 11. Ne5 $1 Bd7 {Black
finishes his development.} ({The transfer of Black's Nc6 to d5 takes much time:
} 11... Nb4 12. Bf3 O-O 13. Qb3 Nbd5 14. Bg5 $14 {1-0 Almasi,Z (2580)-Csom,I 
(2475)/Hungary 1993/TD (36)}) 12. a3 {[%csl Gb4] White takes the b4 square
under control to avoid the manoeuvre of Black's Nc6 to d5 mentioned above.} ({
After} 12. Bf3 {Black covers the c6 by} Rc8 $14 {1-0 Petukhov,D (2095)
-Bespalov,A (2325)/Novokuznetsk 2001/CBM 085 ext (33)}) 12... O-O 13. Rc1 Rc8
14. Bd3 {White chooses the b1-h7 diagonal as the working one for his light
squared bishop.} ({Possible is also} 14. Bf3 $14 Qa5 $2 15. Nxd7 Nxd7 16. d5
$16 {1/2 Rahls,P (2291)-Rueggeberg,W (1814)/Bad Bertrich 2002/EXT 2006 (77)})
14... Bd6 (14... g6 15. Qe2 Re8 16. Rfd1 Qc7 17. Ne4 Nd5 18. Bc4 $14 {0-1
Huzman,A (2570)-Zilberman,Y (2485)/Israel 1996/CBM 052 ext (54)}) 15. f4 {
[%csl Ge5] A new move. White strengthens the position of his knight on its e5
outpost and prepares the transfer of the queen or the rook to the h file.} (15.
Nxd7 $6 {gives White nothing} Qxd7 $11 {1/2 Kramnik,V (2751)-Karpov,A (2710)/
Dortmund 1999/CBM 072/[Huzman] (27)}) ({But interesting alternative is} 15. Bf4
$5) 15... Ne7 {[%csl Gd5]} 16. Ne4 (16. Qf3 $5 $14) 16... Ned5 17. Nxf6+ Nxf6
18. Rf3 $6 {[%cal Yf3h3]} (18. Qf3 $5 $14) 18... Rxc1 19. Bxc1 Qb6 $11 20. Be3
Rc8 $6 (20... Qxb2 $4 21. Nc4 $18) (20... Bb5 $142) 21. Qb1 $6 (21. Nxd7 $142
$5 Nxd7 22. Bxh7+ Kf8 $13 (22... Kxh7 $2 23. Rh3+ Kg8 24. Qh5 $18)) 21... Bb5
$15 22. Bc2 Qc7 23. Bb3 Nd5 {White doesn't want to suffer passively and starts
an incorrect attack.} 24. Rh3 $6 g6 25. Bxd5 $2 exd5 $17 26. Qe1 Qc2 27. Ng4 $6
Qxb2 $2 {And Black blunders just before the goal.} (27... h5 $142 $19) 28. Nf6+
Kg7 (28... Kf8 $2 29. f5 $18) 29. Rxh7+ Kxf6 30. Qh4+ Ke6 31. Qg4+ Ke7 $2 {
The second error loses the game.} ({After} 31... Kf6 $142 {White has only the
perpetual check} 32. Qg5+ (32. Qxc8 $2 Qe2 $19 33. Qd8+ (33. Qc1 Bxa3 $1) 33...
Kf5 {[%cal Yf5e4,Ye4d3]}) 32... Ke6 33. Qg4+ $11) 32. Qxc8 Qe2 $6 (32... Qa1+
33. Qc1 Qxa3 $16) 33. Qc1 $18 Bd3 ({The difference between the line above is,
that now after} 33... Bxa3 {White captures the bishop with check} 34. Qxa3+)
34. f5 $1 Bxf5 35. Bg5+ Kf8 36. Bf6 1-0

[Event "World Women-ch k.o."]
[Site "Ekaterinburg"]
[Date "2006.03.11"]
[Round "1.1"]
[White "Kosteniuk, Alexandra"]
[Black "Khoudgarian, Natalia"]
[Result "1-0"]
[WhiteElo "2514"]
[BlackElo "2106"]
[PlyCount "105"]
[EventDate "2006.03.11"]
[EventType "k.o."]
[EventRounds "6"]
[EventCountry "RUS"]
[SourceTitle "CBM 111 Extra"]
[Source "ChessBase"]
[SourceDate "2006.05.09"]
[SourceVersion "1"]
[SourceVersionDate "2006.05.09"]
[SourceQuality "1"]

1. e4 e6 2. d4 d5 3. Nc3 h6 4. a3 dxe4 5. Nxe4 Nd7 6. Nf3 Ngf6 7. Nxf6+ Qxf6 8.
Bd3 c5 9. Be3 Bd6 10. Qe2 O-O 11. O-O Rd8 12. Rfe1 b6 13. Be4 Rb8 14. Rad1 Qe7
15. Bc6 Nf6 16. Ne5 Qc7 17. Qf3 Bxe5 18. dxe5 Rxd1 19. Rxd1 Nd7 20. Be4 Bb7 21.
Bxb7 Qxb7 22. Qg3 Kh8 23. Rd3 Nf8 24. h4 Qc7 25. h5 Rd8 26. Rc3 Rd5 27. Bf4 Qd7
28. Kh2 Qd8 29. Qg4 Nd7 30. Rg3 Qf8 31. Qe2 Qe7 32. Qe3 Qh4+ 33. Rh3 Qg4 34.
Rg3 Qh4+ 35. Rh3 Qg4 36. c4 Rd4 37. Bxh6 Qe4 38. Rg3 Qxe3 39. Bxg7+ Kh7 40.
fxe3 Rh4+ 41. Kg1 Rxh5 42. Bf6 Nxf6 43. exf6 Re5 44. Rg7+ Kh6 45. Rxf7 Kg6 46.
Rxa7 Rxe3 47. f7 Kg7 48. Rb7 Rb3 49. a4 Rxb2 50. a5 Rb4 51. a6 Rxc4 52. a7 Ra4
53. Rb8 1-0

[Event "World Women-ch k.o."]
[Site "Ekaterinburg"]
[Date "2006.03.12"]
[Round "1.2"]
[White "Khoudgarian, Natalia"]
[Black "Kosteniuk, Alexandra"]
[Result "0-1"]
[WhiteElo "2106"]
[BlackElo "2514"]
[PlyCount "50"]
[EventDate "2006.03.11"]
[EventType "k.o."]
[EventRounds "6"]
[EventCountry "RUS"]
[SourceTitle "CBM 111 Extra"]
[Source "ChessBase"]
[SourceDate "2006.05.09"]
[SourceVersion "1"]
[SourceVersionDate "2006.05.09"]
[SourceQuality "1"]

1. e4 c5 2. Nf3 d6 3. c3 Nf6 4. Bd3 Bg4 5. O-O Nc6 6. Re1 e5 7. Na3 Be7 8. Nc4
d5 9. Ne3 Bxf3 10. Qxf3 dxe4 11. Bxe4 Nxe4 12. Qxe4 O-O 13. Nf5 Bf6 14. Re3 g6
15. Nh6+ Kg7 16. Rh3 Bg5 17. d3 f5 18. Qc4 f4 19. Qxc5 Bxh6 20. b4 Qe7 21. Qd5
Nd8 22. Bb2 Nf7 23. Re1 Rad8 24. Qb5 Qd7 25. Qc5 b6 0-1

[Event "World Women-ch k.o."]
[Site "Ekaterinburg"]
[Date "2006.03.14"]
[Round "2.2"]
[White "Kosteniuk, Alexandra"]
[Black "Danielian, Elina"]
[Result "1-0"]
[WhiteElo "2514"]
[BlackElo "2423"]
[PlyCount "73"]
[EventDate "2006.03.11"]
[EventType "k.o."]
[EventRounds "6"]
[EventCountry "RUS"]
[SourceTitle "CBM 111 Extra"]
[Source "ChessBase"]
[SourceDate "2006.05.09"]
[SourceVersion "1"]
[SourceVersionDate "2006.05.09"]
[SourceQuality "1"]

1. e4 g6 2. d4 Bg7 3. Nc3 d6 4. Be3 a6 5. a4 Nd7 6. Nf3 e6 7. Qd2 h6 8. Bc4 Ne7
9. a5 g5 10. h4 g4 11. Ng1 Nf6 12. Bd3 Nh5 13. Nge2 d5 14. exd5 exd5 15. Ng3
Nxg3 16. fxg3 c5 17. Na4 c4 18. Be2 Nf5 19. Bf2 h5 20. Nb6 Rb8 21. Be3 Nxg3 22.
Bg5 f6 23. Qe3+ Ne4 24. Bf4 Be6 25. Bxc4 f5 26. Bd3 Kf7 27. Bxe4 fxe4 28. O-O
Kg8 29. c3 Kh7 30. Bxb8 Qxb8 31. Qg5 Qe8 32. Nxd5 Bxd5 33. Qxd5 e3 34. Rae1 e2
35. Rf2 Qe3 36. Rexe2 Qc1+ 37. Rf1 1-0

[Event "Ilyumzhinov Cup"]
[Site "Internet"]
[Date "2006.05.06"]
[Round "?"]
[White "Amonatov, Farrukh"]
[Black "Kosteniuk, Alexandra"]
[Result "1-0"]
[WhiteElo "2569"]
[BlackElo "2540"]
[PlyCount "115"]
[EventDate "2006.05.06"]
[EventType "swiss"]
[EventRounds "13"]
[EventCountry "RUS"]
[SourceTitle "CBM 112 Extra"]
[Source "ChessBase"]
[SourceDate "2006.07.14"]
[SourceVersion "1"]
[SourceVersionDate "2006.07.14"]
[SourceQuality "1"]

1. e4 c5 2. Nf3 d6 3. d4 cxd4 4. Nxd4 Nf6 5. Nc3 Nc6 6. Bc4 e6 7. Be3 a6 8. Qe2
Qc7 9. O-O-O Na5 10. Bb3 b5 11. f3 Be7 12. g4 b4 13. Na4 Nxb3+ 14. axb3 Nd7 15.
g5 Nc5 16. h4 Bd7 17. Kb1 Bxa4 18. bxa4 Nxa4 19. h5 Nc5 20. g6 fxg6 21. hxg6 h6
22. f4 Qb7 23. e5 dxe5 24. fxe5 O-O-O 25. Qc4 Qd5 26. Qxb4 Rd7 27. Qc3 Kb8 28.
Nxe6 Qxe6 29. Bxc5 Bxc5 30. Qxc5 Rc8 31. Qb4+ Rb7 32. Qd6+ Qxd6 33. Rxd6 Re7
34. Re1 Kb7 35. b3 Rc5 36. e6 Rc6 37. Rd7+ Rc7 38. Rd5 Rc6 39. Rde5 Kc7 40. c4
h5 41. Kc2 h4 42. Kc3 h3 43. R1e2 h2 44. Rxh2 Rcxe6 45. Rg5 Re3+ 46. Kb4 Rf3
47. Rh7 Kc6 48. Rc5+ Kb6 49. Rd5 Ree3 50. c5+ Kc7 51. Rxg7+ Kc8 52. Rd4 Rxb3+
53. Kc4 Rbc3+ 54. Kd5 Rcd3 55. Rxd3 Rxd3+ 56. Kc6 Rd8 57. Rf7 Rg8 58. g7 1-0

[Event "Ilyumzhinov Cup"]
[Site "Internet"]
[Date "2006.05.06"]
[Round "?"]
[White "Bareev, Evgeny"]
[Black "Kosteniuk, Alexandra"]
[Result "0-1"]
[WhiteElo "2701"]
[BlackElo "2540"]
[PlyCount "140"]
[EventDate "2006.05.06"]
[EventType "swiss"]
[EventRounds "13"]
[EventCountry "RUS"]
[SourceTitle "CBM 112 Extra"]
[Source "ChessBase"]
[SourceDate "2006.07.14"]
[SourceVersion "1"]
[SourceVersionDate "2006.07.14"]
[SourceQuality "1"]

1. c4 e5 2. g3 Nf6 3. Bg2 d5 4. cxd5 Nxd5 5. Nc3 Nb6 6. d3 Be7 7. Be3 Nc6 8.
Rc1 Be6 9. Bxc6+ bxc6 10. Nf3 f6 11. O-O O-O 12. a3 Nd5 13. Nxd5 cxd5 14. Bc5
Bd6 15. Qa4 a5 16. Rfd1 Qd7 17. Qxd7 Bxd7 18. Rd2 Rfb8 19. d4 e4 20. Ne1 Ba4
21. Ng2 Rb7 22. Ne3 Bb3 23. Bxd6 cxd6 24. Rc6 Rd8 25. Nf5 Rbd7 26. f3 g6 27.
Ne3 f5 28. a4 Rb8 29. Ra6 Rb4 30. Rxa5 Rxa4 31. Rxa4 Bxa4 32. Nxd5 Rb7 33. fxe4
fxe4 34. Nf6+ Kf7 35. Nxe4 Ke6 36. Nc3 Bb3 37. e4 Ra7 38. Rf2 Ra1+ 39. Rf1 Ra8
40. Kf2 Bc4 41. Rd1 Rb8 42. Rd2 Rb4 43. Ke3 Bb3 44. g4 g5 45. h4 h6 46. hxg5
hxg5 47. Ne2 Bc4 48. Nc1 Bb5 49. Nd3 Rb3 50. d5+ Ke7 51. Kd4 Ba6 52. Nc1 Rb4+
53. Ke3 Rc4 54. Ne2 Rb4 55. Nd4 Rb3+ 56. Nxb3 Bc4 57. Nd4 Kf6 58. Rh2 Kg6 59.
Rh5 Ba6 60. Ne6 Bc8 61. Rxg5+ Kf6 62. Rf5+ Kg6 63. e5 dxe5 64. Rxe5 Bd7 65. Kf4
Kf6 66. Nd4 Kf7 67. g5 Be8 68. Nf3 Kg7 69. Nh4 Bf7 70. Re7 Kf8 0-1

[Event "Ilyumzhinov Cup"]
[Site "Internet"]
[Date "2006.05.06"]
[Round "?"]
[White "Khusnutdinov, Rustam"]
[Black "Kosteniuk, Alexandra"]
[Result "1-0"]
[WhiteElo "2392"]
[BlackElo "2540"]
[PlyCount "59"]
[EventDate "2006.05.06"]
[EventType "swiss"]
[EventRounds "13"]
[EventCountry "RUS"]
[SourceTitle "CBM 112 Extra"]
[Source "ChessBase"]
[SourceDate "2006.07.14"]
[SourceVersion "1"]
[SourceVersionDate "2006.07.14"]
[SourceQuality "1"]

1. e4 c5 2. Nf3 d6 3. d4 cxd4 4. Nxd4 Nf6 5. Nc3 Nc6 6. Bg5 e6 7. Qd3 Be7 8.
O-O-O a6 9. Kb1 Qc7 10. f4 O-O 11. Qg3 Nxd4 12. Rxd4 Ne8 13. Be2 Bxg5 14. Qxg5
f6 15. Qg3 b5 16. Rhd1 Rb8 17. a3 Bd7 18. Bh5 a5 19. Bxe8 Bxe8 20. Rxd6 b4 21.
Ne2 Ba4 22. R6d2 Rfc8 23. Nd4 Qb6 24. e5 f5 25. Ka1 Be8 26. Qb3 Bf7 27. a4 Qc5
28. Nb5 Qc4 29. Qxc4 Rxc4 30. Rd8+ 1-0

[Event "Ilyumzhinov Cup"]
[Site "Internet"]
[Date "2006.05.06"]
[Round "?"]
[White "Kokarev, Dmitry"]
[Black "Kosteniuk, Alexandra"]
[Result "1-0"]
[WhiteElo "2536"]
[BlackElo "2540"]
[PlyCount "49"]
[EventDate "2006.05.06"]
[EventType "swiss"]
[EventRounds "13"]
[EventCountry "RUS"]
[SourceTitle "CBM 112 Extra"]
[Source "ChessBase"]
[SourceDate "2006.07.14"]
[SourceVersion "1"]
[SourceVersionDate "2006.07.14"]
[SourceQuality "1"]

1. e4 c5 2. Nf3 d6 3. d4 cxd4 4. Nxd4 Nf6 5. Nc3 a6 6. Bg5 e6 7. f4 Nbd7 8. Qf3
Qc7 9. O-O-O b5 10. a3 Bb7 11. Kb1 Be7 12. Bd3 h6 13. Bh4 O-O-O 14. Bf2 Nc5 15.
Rhe1 Kb8 16. Nb3 Nxb3 17. cxb3 Nd7 18. Rc1 Nc5 19. Bc2 Rc8 20. b4 Nd7 21. Bd3
Bc6 22. Nd5 exd5 23. exd5 Bxd5 24. Qxd5 Nf6 25. Qxf7 1-0

[Event "Ilyumzhinov Cup"]
[Site "Internet"]
[Date "2006.05.06"]
[Round "?"]
[White "Kosteniuk, Alexandra"]
[Black "Grigorov, Grigor"]
[Result "1-0"]
[WhiteElo "2540"]
[BlackElo "2407"]
[PlyCount "83"]
[EventDate "2006.05.06"]
[EventType "swiss"]
[EventRounds "13"]
[EventCountry "RUS"]
[SourceTitle "CBM 112 Extra"]
[Source "ChessBase"]
[SourceDate "2006.07.14"]
[SourceVersion "1"]
[SourceVersionDate "2006.07.14"]
[SourceQuality "1"]

1. e4 c5 2. Nf3 d6 3. d4 cxd4 4. Nxd4 Nf6 5. Nc3 a6 6. Bg5 e6 7. f4 Be7 8. Qf3
h6 9. Bh4 Qc7 10. O-O-O Nbd7 11. Be2 b5 12. e5 Bb7 13. Qg3 dxe5 14. Nxe6 fxe6
15. Qxg7 Rg8 16. Bh5+ Kd8 17. Qf7 Rf8 18. Qxe6 Qc6 19. Qxe5 b4 20. Bg4 Nxg4 21.
Qxe7+ Kc7 22. Nd5+ Kb8 23. Nxb4 Qc5 24. Rxd7 Qxe7 25. Bxe7 Rc8 26. Re1 a5 27.
Bd6+ Ka7 28. Nd3 Kb6 29. Re6 Bc6 30. Rg7 h5 31. Bc5+ Ka6 32. h3 Nh2 33. Ne5 Kb5
34. Bg1 Be4 35. c3 Nf1 36. Nf3 Bxf3 37. Rg5+ Kc4 38. gxf3 Rd8 39. Rc5+ Kd3 40.
Re1 Re8 41. Rxf1 Re2 42. Rd1+ 1-0